Production of novel tetrahydroxyfuranyl fatty acids from alpha-linolenic acid by clavibacter sp. strain ALA2 /
Wedi'i Gadw mewn:
| Prif Awdur: | |
|---|---|
| Awduron Eraill: | , |
| Fformat: | Erthygl |
| Iaith: | English |
| Pynciau: | |
| Tagiau: |
Ychwanegu Tag
Dim Tagiau, Byddwch y cyntaf i dagio'r cofnod hwn!
|
| Thư viện lưu trữ: | Thư viện Trường Đại học Đà Lạt |
|---|
| LEADER | 00987nam a2200313 4500 | ||
|---|---|---|---|
| 001 | DLU090092516 | ||
| 005 | ##20091201 | ||
| 040 | # | # | |a DLU |b eng |
| 041 | # | # | |a eng |
| 044 | # | # | |a us |
| 100 | # | # | |a Hosokawa, Masashi. |
| 245 | # | # | |a Production of novel tetrahydroxyfuranyl fatty acids from alpha-linolenic acid by clavibacter sp. strain ALA2 / |c Masashi Hosokawa, Ching T. Hou, David Weisleder. |
| 653 | # | # | |a Clavibacter |
| 653 | # | # | |a Fatty acids |
| 653 | # | # | |a Linoleic acids |
| 653 | # | # | |a Linolenic acids |
| 653 | # | # | |a Microbial culture |
| 700 | # | # | |a Hou, Ching T. |
| 700 | # | # | |a Weisleder, David. |
| 773 | # | # | |t Applied and Environmental Microbiology |g Vol. 69, no. 7 (July 2003), p. 3868-3873 |
| 920 | # | # | |a Phòng Tạp chí -- Trung tâm Thông tin - Thư viện Trường Đại học Đà Lạt |
| 994 | # | # | |a DLU |
| 900 | # | # | |a True |
| 911 | # | # | |a Trương Bảo Trâm Anh |
| 925 | # | # | |a G |
| 926 | # | # | |a A |
| 927 | # | # | |a BB |
| 980 | # | # | |a Thư viện Trường Đại học Đà Lạt |